000 01172nam a2200325 i 4500
003 EG-GICUC
005 20260127143610.0
008 260127s1990 ua ||||fr|||| 001 0 ara d
017 _a1990/2376
020 _a9771305680
040 _a EG-GICUC
_bara
_c EG-GICUC
_d EG-GICUC
_erda
041 _aara
082 0 4 _a343.413
_bأ ح . ج
_221
092 0 4 _221
099 _aLaw1 10 343.413 أ ح . ج 1990 1006555
100 0 _aأحمد فتحي سرور.
_eمؤلف.
245 1 2 _aالجرائم الضريبية /
_cالدكتور أحمد فتحي سرور.
264 1 _aالقاهرة :
_bدار النهضة العربية،
_c1990.
300 _a397 صفحة ؛
_c24 سم.
_bإيضاحيات، صور، مثيليات ؛
336 _2rda content
_atext
337 _2rda media
_aComputer
338 _2rda carrier
_aOnline Resource
504 _aيشتمل على ارجاعات ببليوجرافية.
546 _aالنص باللغة العربية
650 1 _aقانون العقوبات الضريبي.
_2qrmak
651 1 _2qrmak
856 4 0 _uhttps://fll.law.cu.edu.eg/fulltext/bks/B10-06555.pdf
905 _a18
942 _2ddc
_n0
_cBK
_e21
999 _c59600
_d59600